| 000 | 00631nam a2200205 a 4500 | ||
|---|---|---|---|
| 999 |
_c3615 _d3615 |
||
| 001 | 3615 | ||
| 003 | BD-JhCC | ||
| 005 | 20171115171031.0 | ||
| 008 | 171115s196৪ bg a|||| |||| 000 0 ben d | ||
| 035 | _a(BD-JhCC) | ||
| 040 |
_aBD-JhCC _dBD-JhCC |
||
| 041 | _aben | ||
| 082 |
_a923.1 _bMIA 196৪ |
||
| 100 | _aমিয়া, বন্দে আলী | ||
| 245 |
_aমীর মশাররফ হোসেন / _cবন্দে আলী মিয়া |
||
| 260 |
_aঢাকা : _bআহমদ পাবলিশিং হাউস, _c১৯৬৪ |
||
| 300 |
_a36 p. ; _c14 cm |
||
| 650 | _aBiography | ||
| 942 |
_2ddc _cBK |
||